地理の統計TOP5〜10 天然ガス編 - Statistics

General Stats
  • This quiz has been taken 4 times
  • The average score is 6 of 34
Answer Stats
Hint 世界計 順位 Answer % Correct
天然ガス埋蔵量 188兆m³ 1 ロシア
75%
5 アメリカ
50%
天然ガス生産量 4.1兆m³ 1 アメリカ
50%
2 ロシア
50%
天然ガス輸出量 48382PJ 1 ロシア
50%
天然ガス輸入量 46886PJ 1 中国
50%
3 イラン
25%
4 中国
25%
7 オーストラリア
25%
2 アメリカ
25%
5 オーストラリア
25%
2 日本
25%
3 ドイツ
25%
4 アメリカ
25%
5 イタリア
25%
日本の液化天然ガス輸入先 7200万t 1 オーストラリア
25%
3 ロシア
25%
4 アメリカ
25%
2 イラン
0%
3 カタール
0%
4 トルクメニスタン
0%
5 カナダ
0%
6 カタール
0%
8 ノルウェー
0%
9 アルジェリア
0%
10 サウジアラビア
0%
3 カタール
0%
4 ノルウェー
0%
6 カナダ
0%
7 トルクメニスタン
0%
2 マレーシア
0%
5 パプアニューギニア
0%
6 ブルネイ・ダルサラーム
0%
7 カタール
0%
No matching quizzes found
Score Distribution
Percent of People with Each Score
Percentile by Number Answered
Your Score History
You have not taken this quiz